00577nam a2200145Ia 4500008004100000024005600041082001800097100005800115245004200173260002500215600003200240650003300272952010900305999001700414250506s9999 xx 000 0 und d a00A-025-CE, 00A-041-CE, 00A-043-CE & 00A-013-CE a629.89072 LAT aTalha Lateef, Atif Hussain, Danish Majid & Zahid Khan 0aControlling AC Motor Speed Through PC aKarachi:bUIT,c2000 aComputer System Engineering aBachelor of Engineering (BE) 001040708PR-CEaUITUbUITUd2022-07-26l0o629.89072 LATpCE-104r2025-05-06 11:34:07w2025-05-06yPR c27672d27672